000 00530nam a2200181 a 4500
005 20140310183135.0
008 020823s19uu xx 00 eng d
050 _aHD 58.7
_b.R62 2001
100 _aRobbins, Stephen P.
245 _aOrganizational behavior /
_cStephen P. Robbins.
260 _aUpper Saddle River, N.J. :
_b Pearson Prentice Hall,
_c2001.
300 _a643 p. :
_bill. ;
_c25 cm.
501 _aInclude index.
521 _aBSBA
650 _aOrganizational behavior
942 _cBK
_2lcc
_kFOR
999 _c19254
_d19254